ধর্ম নিরপেক্ষতা সাম্পদায়িক সম্পীতির মেলবন্ধন / (Record no. 31449)
[ view plain ]
| 000 -LEADER | |
|---|---|
| fixed length control field | 01154nam a22002057a 4500 |
| 003 - CONTROL NUMBER IDENTIFIER | |
| control field | BDDh-ASL |
| 005 - DATE AND TIME OF LATEST TRANSACTION | |
| control field | 20231015031255.0 |
| 008 - FIXED-LENGTH DATA ELEMENTS--GENERAL INFORMATION | |
| fixed length control field | 230328s2015 b ||||| |||| 00| 0 b d |
| 040 ## - CATALOGING SOURCE | |
| Original cataloging agency | BDDh-ASL |
| Transcribing agency | BDDh-ASL |
| 041 ## - LANGUAGE CODE | |
| Language code of text/sound track or separate title | ben |
| 082 ## - DEWEY DECIMAL CLASSIFICATION NUMBER | |
| Classification number | 211.6 |
| Item number | DHA |
| 245 00 - TITLE STATEMENT | |
| Title | ধর্ম নিরপেক্ষতা সাম্পদায়িক সম্পীতির মেলবন্ধন / |
| 246 ## - VARYING FORM OF TITLE | |
| Title proper/short title | Dharmanirapekhyata : Samprodayik Sampritir Mail-Bandhan. |
| 260 ## - PUBLICATION, DISTRIBUTION, ETC. | |
| Place of publication, distribution, etc. | ঢাকা : |
| Name of publisher, distributor, etc. | মেরিট ফেয়ার প্রকাশন, |
| Date of publication, distribution, etc. | 2015. |
| 300 ## - PHYSICAL DESCRIPTION | |
| Extent | 319 p. : |
| Dimensions | 23 cm. |
| 650 #0 - SUBJECT ADDED ENTRY--TOPICAL TERM | |
| Topical term or geographic name entry element | Essay, Essays on various topics, বিভিন্ন বিষয়ে রচনা, Bibhinna biṣaẏē racanā, Miscellaneous Essays , বিবিধ প্রবন্ধ, Bibidha prabandha, Criticism, Literary Criticism, (প্রবন্ধ সমালোচনা, প্রবন্ধ, গ্রন্থ সমালোচনা, সাহিত্য সমালোচনা) |
| 9 (RLIN) | 5745 |
| 700 1# - ADDED ENTRY--PERSONAL NAME | |
| Personal name | খানম, মাহফুজা |
| 9 (RLIN) | 1221 |
| 700 1# - ADDED ENTRY--PERSONAL NAME | |
| Personal name | দে, তপন কুমার |
| 9 (RLIN) | 1222 |
| 942 ## - ADDED ENTRY ELEMENTS (KOHA) | |
| Source of classification or shelving scheme | Dewey Decimal Classification |
| Koha item type | Books |
| Withdrawn status | Lost status | Source of classification or shelving scheme | Damaged status | Not for loan | Collection code | Home library | Current library | Shelving location | Date acquired | Source of acquisition | Total Checkouts | Full call number | Barcode | Date last seen | Copy number | Price effective from | Koha item type | Public note |
|---|---|---|---|---|---|---|---|---|---|---|---|---|---|---|---|---|---|---|
| Dewey Decimal Classification | Non-fiction | Asiatic Society Library | Asiatic Society Library | General Stacks | 03/28/2023 | Complimentary | 211.6 DHA | 120117 | 03/28/2023 | C-1 | 03/28/2023 | Books | Y-2015 |